|
|
|
|
| LEADER |
00671 a2200121 4500 |
| 082 |
|
|
|a M 923.2 NEE/C
|b 32Q4
|
| 100 |
|
|
|a നീലകണ്ഠൻ സി ആർ ( Neelakandan CR)
|9 192373
|
| 245 |
|
|
|a ആം ആദ്മി ( Aaam aadhmi):
|b സാധാരണക്കാരുടെ പാർട്ടി(Saadharanakarude party)/
|c സി ആർ നീലകണ്ഠൻ(CR Neelakandan)
|
| 260 |
|
|
|b Current Books,
|a Trichur:
|c 2014.
|
| 300 |
|
|
|a 95p.
|
| 942 |
|
|
|c BK
|
| 999 |
|
|
|c 160214
|d 160210
|
| 952 |
|
|
|0 0
|1 0
|4 0
|5 1
|6 M_923_200000000000000_NEE_C_32Q4
|7 0
|9 158703
|a MGUL
|b MGUL
|c PROC
|d 2018-10-03
|e Current Books
|g 75.00
|l 0
|o M 923.2 NEE/C 32Q4
|p 61246
|r 2018-10-03
|w 2018-10-03
|y BK
|